LIBRARY & INFORMATION CENTRE, KCAET, TAVANUR

ONLINE PUBLIC ACCESS CATALOGUE (OPAC)

New and Illustrated Gardening Encyclopaedia / (Record no. 8977)

MARC details
000 -LEADER
fixed length control field 00310cam a2200121ua 4500
082 ## - DEWEY DECIMAL CLASSIFICATION NUMBER
Classification number 630.3
Item number SUD/NE
100 ## - MAIN ENTRY--AUTHOR NAME
Personal name Sudell, Richard .
245 00 - TITLE STATEMENT
Title New and Illustrated Gardening Encyclopaedia /
250 ## - EDITION STATEMENT
Edition statement 1 /
260 ## - PUBLICATION, DISTRIBUTION, ETC. (IMPRINT)
Place of publication London :
Name of publisher Odhams Press Limited ,
Year of publication 1955.
300 ## - PHYSICAL DESCRIPTION
Number of Pages 672 ; .
942 ## - ADDED ENTRY ELEMENTS (KOHA)
Koha item type Reference
Holdings
Withdrawn status Lost status Damaged status Collection code Home library Current library Shelving location Date acquired Full call number Accession Number Koha item type
      Reference KAUAET KAUAET Reference 07/04/2012 630.3.SUD/NE 3441 Reference
free website counter